Asian Cities by Satellite Images #2 - Statistics

General Stats
  • This quiz has been taken 6 times
  • The average score is 9 of 12
Answer Stats
Picture Answer % Correct
Manila, Phillippines
100%
Singapore, Singapore
100%
Tel Aviv, Israel
100%
Baku, Azerbaijan
80%
Busan, South Korea
80%
Jakarta, Indonesia
80%
Taipei, Taiwan
80%
Hanoi, Vietnam
60%
Phuket, Thailand
60%
Seoul, South Korea
60%
Yangon, Myanmar
40%
Ho Chi Minh City, Vietnam
20%
No matching quizzes found
Score Distribution
Percent of People with Each Score
Percentile by Number Answered
Your Score History
You have not taken this quiz